[Event "SEMI ECT 3-C corr"]
[Site "SEMI email"]
[Date "1999.??.??"]
[Round "?"]
[White "Lisauskas, Vidmantas"]
[Black "Muhlenbruch Guimaraes, Herley"]
[Result "1-0"]
[WhiteElo "1000"]
[BlackElo "1517"]
[PlyCount "69"]
[EventDate "1999.??.??"]
[EventType "tourn (corr)"]
[EventRounds "10"]
[EventCountry "ITA"]
[SourceTitle "Corr 2008"]
[Source "ChessBase"]
[SourceDate "2008.06.24"]
[SourceVersion "1"]
[SourceVersionDate "2008.06.24"]
[SourceQuality "1"]

1. e4 e5 2. Qf3 Nf6 3. Bc4 Nc6 4. Nh3 Nd4 5. Qd3 c6 6. c3 d5 7. exd5 cxd5 8. Bb5+ Nxb5 9. Qxb5+ Qd7 10. Qxd7+ Bxd7 11. 0-0 Bxh3 12. gxh3 Bd6 13. d4 e4 14. f3 0-0 15. Bg5 Rfe8 16. Bxf6 gxf6 17. fxe4 dxe4 18. Nd2 Rac8 19. Rxf6 e3 20. Rxd6 exd2 21. Kf2 Rc7 22. Rd1 Re6 23. Rd8+ Kg7 24. Rxd2 Rce7 25. a3 b5 26. Rd5 a6 27. Rg5+ Rg6 28. Rg3 h5 29. d5 Kh6 30. d6 Rd7 31. Rxg6+ fxg6 32. b3 g5 33. c4 bxc4 34. bxc4 Kg6 35. c5 1-0

[Event "SEMI ECT 3-C corr"]
[Site "SEMI email"]
[Date "1999.??.??"]
[Round "?"]
[White "Riley, Robert"]
[Black "Lisauskas, Vidmantas"]
[Result "0-1"]
[WhiteElo "950"]
[BlackElo "1000"]
[PlyCount "87"]
[EventDate "1999.??.??"]
[EventType "tourn (corr)"]
[EventRounds "10"]
[EventCountry "ITA"]
[SourceTitle "Corr 2008"]
[Source "ChessBase"]
[SourceDate "2008.06.24"]
[SourceVersion "1"]
[SourceVersionDate "2008.06.24"]
[SourceQuality "1"]

1. Nf3 Nc6 2. d4 d5 3. Nc3 Nf6 4. Bf4 Ne4 5. Nxe4 dxe4 6. Nd2 Qxd4 7. c3 Qf6 8. Bxc7 e6 9. Nxe4 Qh4 10. Nd6+ Kd7 11. Nxf7+ Kxc7 12. Nxh8 Qf6 13. Qd3 g6 14. Nxg6 hxg6 15. 0-0-0 e5 16. f3 Be6 17. e4 Rd8 18. Qb1 Bh6+ 19. Kc2 Rxd1 20. Kxd1 Qf4 21. Qc2 Bxa2 22. Ke1 Bb3 23. Qe2 Qc1+ 24. Kf2 Bd1 25. Qd3 Qxb2+ 26. Kg3 Bf4+ 27. Kg4 Bc2 28. Qc4 Bb3 29. Qd3 Be6+ 30. Kh4 Qf2+ 31. g3 Bc1 32. Bh3 g5+ 33. Kh5 Bxh3 34. Rxc1 Qxh2 35. Rc2 Qxg3 36. Rd2 Kc8 37. Qe3 Bg4+ 38. Kg6 Qxf3 39. Qxf3 Bxf3 40. Kf5 g4 41. Rf2 Kc7 42. Ra2 g3 43. Ra1 Kd6 44. Re1 0-1